[Event "Challenge"]
[Site "http://www.queenalice.com/game.php?id=3262"]
[Date "2005.1.1"]
[Round "-"]
[White "torkonator"]
[Black "MidnightDuffer"]
[Result "1-0"]
[WhiteElo "1689"]
[BlackElo "945"]

1. e4 e6 2. d4 d5 3. e5 c5 4. Be3 Nc6 5. dxc5 Nxe5 6. Nf3 Nxf3+ 7. Qxf3 Nf6 8.
Bb5+ Bd7 9. Bxd7+ Nxd7 10. b4 a5 11. c3 Be7 12. O-O O-O 13. Na3 Bf6 14. Rac1
axb4 15. Nb5 bxc3 16. Nxc3 d4 17. Qxb7 dxc3 18. Rfd1 Rb8 19. Qxd7 c2 20. Qxd8
Rfxd8 21. Rxd8+ Rxd8 22. Kf1 Rd1+ 23. Ke2 Rxc1 24. Bxc1 Kf8 25. Kd2 Bd4 26. c6
Ke7 27. f3 Kd6 28. Kxc2 Kxc6 29. Kb3 Kd5 30. a4 f5 31. Kb4 e5 32. Kb5 e4 33. Bd2
e3 34. Be1 f4 35. a5 g5 36. a6 Ba7 37. h3 h5 38. g4 hxg4 39. hxg4 Bd4 40. Bc3
Ba7 41. Be1 e2 42. Bd2 Kd4 43. Kc6 Kd3 44. Ba5 1-0

[Event "Challenge"]
[Site "http://www.queenalice.com/game.php?id=3388"]
[Date "2005.1.5"]
[Round "-"]
[White "millie"]
[Black "MidnightDuffer"]
[Result "1-0"]
[WhiteElo "1113"]
[BlackElo "984"]

1. d3 Nf6 2. f3 e6 3. e4 c5 4. e5 Nd5 5. Qd2 Nc6 6. c3 Nxe5 7. f4 Nc6 8. a3 d6
9. Nf3 Be7 10. h4 O-O 11. g4 Qb6 12. g5 e5 13. c4 Nxf4 14. Nc3 Bg4 15. Nh2 Bh5
16. Qf2 Nd4 17. Nd5 Nxd5 18. cxd5 f6 19. g6 Bxg6 20. Bg2 Bxd3 21. Ng4 Nc2+ 22.
Kd2 Qb3 23. Ne3 Nxa1 24. Nf5 Qc2+ 25. Ke3 Qxf2+ 26. Kxf2 Bxf5 27. Bd2 Nb3 28.
Bc3 Nd4 29. h5 h6 30. Ba5 Rad8 31. Bc7 Rc8 32. Ba5 Bd8 33. Bd2 Nb3 34. Be3 Ba5
35. Rg1 c4 36. Bxa7 c3 37. bxc3 Bxc3 38. Bf1 Bd4+ 39. Bxd4 Nxd4 40. Rg3 Rc2+ 41.
Kg1 Ne2+ 42. Bxe2 Rxe2 43. Kf1 Ra2 44. Rf3 Be4 45. Re3 Bxd5 46. Rd3 Bc4 47. Ke1
Rxa3 48. Rxa3 b5 49. Ra1 b4 50. Rb1 b3 51. Kd1 Rb8 52. Rc1 d5 53. Kd2 f5 54. Rf1
b2 55. Rb1 f4 56. Ke1 Ba2 57. Rd1 b1=N 58. Rxd5 e4 59. Rd4 Re8 60. Ra4 Nc3 61.
Kd2 Rc8 62. Ra5 1-0

[Event "Let's Play Chess!"]
[Site "http://www.queenalice.com/game.php?id=3532"]
[Date "2005.1.8"]
[Round "-"]
[White "Jaspode"]
[Black "MidnightDuffer"]
[Result "1-0"]
[WhiteElo "1303"]
[BlackElo "1100"]

1. e4 e5 2. Nf3 Nc6 3. Bc4 Nf6 4. Ng5 d5 5. exd5 Nxd5 6. Nxf7 Kxf7 7. Qf3+ Ke6
8. Nc3 Nb4 9. Qg4+ Kf7 10. Bxd5+ Nxd5 11. Qf3+ Nf6 12. Ne4 Be7 13. Nxf6 Bxf6 14.
d3 g6 15. O-O Re8 16. c3 Qd7 17. Bg5 Qf5 18. Bxf6 Kxf6 19. Qe3 Bd7 20. f3 Kg7
21. Rf2 Re7 22. Qc5 Qg5 23. Qxc7 Bc6 24. Qd6 Rf7 25. Raf1 Rd8 26. Qa3 a6 27. c4
Qe3 28. Rd1 e4 29. Qc3+ Kg8 30. d4 Qxc3 31. bxc3 exf3 32. d5 fxg2 33. Kxg2 Bd7
34. Rfd2 Rc8 35. Rd4 Rcf8 36. R1d2 Rf3 37. d6 Rxc3 38. Re2 Bh3+ 39. Kg1 1-0

[Event "more chess"]
[Site "http://www.queenalice.com/game.php?id=3626"]
[Date "2005.1.10"]
[Round "-"]
[White "ifrozeup"]
[Black "MidnightDuffer"]
[Result "1-0"]
[WhiteElo "1360"]
[BlackElo "1002"]

1. h4 Nh6 2. d4 d5 3. e3 e6 4. Nf3 Nc6 5. Bd2 Bd6 6. a3 Bd7 7. c4 O-O 8. c5 Be7
9. Nc3 Nf5 10. g4 Nxh4 11. Nxh4 Bxh4 12. Bd3 Qf6 13. Qe2 h6 14. O-O-O b6 15. Nb5
Rfc8 16. f4 bxc5 17. g5 hxg5 18. fxg5 Bxg5 19. Rdf1 Qe7 20. Bh7+ 1-0

[Event "Challenge"]
[Site "http://www.queenalice.com/game.php?id=3990"]
[Date "2005.1.19"]
[Round "-"]
[White "Salvador"]
[Black "MidnightDuffer"]
[Result "0-1"]
[WhiteElo "1630"]
[BlackElo "988"]

1. e4 e6 2. Nf3 d5 3. d3 Nf6 4. Bg5 Be7 5. Bxf6 Bxf6 6. e5 Be7 7. d4 c5 8. Bb5+
Bd7 9. Qd3 O-O 10. dxc5 Bxc5 11. Ng5 Qxg5 12. Bxd7 Qxe5+ 13. Kd2 Nxd7 0-1

[Event "Go to the squares!!"]
[Site "http://www.queenalice.com/game.php?id=6828"]
[Date "2005.3.14"]
[Round "-"]
[White "MidnightDuffer"]
[Black "vinchent78"]
[Result "0-1"]
[WhiteElo "1192"]
[BlackElo "1500"]

1. d4 Nf6 2. c4 e6 3. Nf3 Bb4+ 4. Bd2 Qe7 5. a3 Bxd2+ 6. Nbxd2 d6 7. e3 e5 8.
dxe5 dxe5 9. e4 Nc6 10. Be2 a5 11. O-O O-O 12. Qc2 Bg4 13. Rfe1 Rad8 14. h3 Bh5
15. Rad1 Nd4 16. Nxd4 exd4 17. Bxh5 Nxh5 18. Nf3 c5 19. e5 Nf4 20. Qe4 Ne6 21.
Rd3 a4 22. b3 Qd7 23. Rb1 b5 24. Rd2 axb3 0-1

[Event "AUTO-INT-01"]
[Site "http://www.queenalice.com/game.php?id=7270"]
[Date "2005.3.18"]
[Round "1"]
[White "papilon_br"]
[Black "MidnightDuffer"]
[Result "0-1"]
[WhiteElo "1279"]
[BlackElo "945"]

1. e4 e6 2. Nf3 d5 3. exd5 exd5 4. d4 Nf6 5. Nc3 Bb4 6. Bg5 O-O 7. Qd2 Qd6 8.
O-O-O Ne4 9. Qf4 Qxf4+ 10. Bxf4 Nxf2 11. Bd3 Bxc3 12. bxc3 c6 13. h4 Bg4 14.
Rhg1 Nxd1 15. Rxd1 Bxf3 16. Re1 Bxg2 17. Rg1 Be4 18. Re1 Re8 19. Bxe4 Rxe4 20.
Rf1 Nd7 21. Bg5 Rae8 22. Rg1 Re1+ 23. Rxe1 Rxe1+ 0-1

[Event "AUTO-INT-01"]
[Site "http://www.queenalice.com/game.php?id=7271"]
[Date "2005.3.18"]
[Round "1"]
[White "MidnightDuffer"]
[Black "papilon_br"]
[Result "1-0"]
[WhiteElo "1027"]
[BlackElo "1277"]

1. d4 d5 2. c4 dxc4 3. Nc3 Nf6 4. e4 e6 5. Bxc4 Bb4 6. e5 Ne4 7. Ne2 Bxc3+ 8.
Nxc3 Nxc3 9. bxc3 b6 10. O-O O-O 11. Qf3 Nc6 12. Qxc6 Bd7 13. Qf3 c6 14. Bf4 b5
15. Bd3 a5 16. Qe4 f5 17. Qf3 a4 18. a3 Qh4 19. Qg3 Qxg3 20. hxg3 h6 21. Bd2 g5
22. f4 g4 23. Kf2 Kg7 24. c4 Rab8 25. Bb4 Rfe8 26. cxb5 cxb5 27. Rac1 h5 28. Bd6
Rb6 29. Rc7 Kg8 30. Rxd7 Rc8 31. Rc7 Rd8 32. Rfc1 1-0

[Event "AUTO-INT-01"]
[Site "http://www.queenalice.com/game.php?id=7282"]
[Date "2005.3.18"]
[Round "1"]
[White "larxs"]
[Black "MidnightDuffer"]
[Result "1-0"]
[WhiteElo "1492"]
[BlackElo "1168"]

1. d4 Nf6 2. c4 b6 3. Bg5 e6 4. e4 d5 5. e5 h6 6. Bh4 g5 7. Bg3 Nfd7 8. f4 Bb7
9. Nf3 Ba6 10. cxd5 Bxf1 11. Rxf1 Bb4+ 12. Nc3 exd5 13. Kf2 Nf8 14. Kg1 Bxc3 15.
bxc3 Nbd7 16. Qd2 g4 17. Bh4 f6 18. Ne1 Ng6 19. Bg3 f5 20. Nd3 Qe7 21. e6 Nf6
22. Ne5 Rg8 23. Qd3 Qxe6 24. Rae1 Ne4 25. Qb5+ Kd8 26. Nxg6 Rxg6 27. Bh4+ Kc8
28. Qa6+ Kd7 29. Rc1 Nd2 30. Rfe1 Ne4 31. c4 Rgg8 32. cxd5 Qxd5 33. Qa4+ c6 34.
Red1 g3 35. Qa6 1-0

[Event "AUTO-INT-01"]
[Site "http://www.queenalice.com/game.php?id=7283"]
[Date "2005.3.18"]
[Round "1"]
[White "MidnightDuffer"]
[Black "larxs"]
[Result "0-1"]
[WhiteElo "1186"]
[BlackElo "1484"]

1. d4 Nf6 2. Nf3 d5 3. Nbd2 Bg4 4. e3 g6 5. c4 Nc6 6. Bd3 Bg7 7. O-O O-O 8. Qb3
b6 9. h3 Bd7 10. cxd5 Na5 11. Qc2 Nxd5 12. a3 Rc8 13. b4 Nc6 14. Bb2 Re8 15. Be4
e6 16. Ne5 Nxe5 17. dxe5 f6 18. Nc4 c5 19. Nd6 cxb4 20. Nxc8 Bxc8 21. Bxd5 exd5
22. exf6 Bxf6 23. Bxf6 Qxf6 24. Qc7 Ba6 25. Rfe1 Rf8 26. f4 Qb2 27. axb4 Qd2 28.
Qe5 Bc4 29. Rab1 b5 30. Qd4 Qc2 31. Qxa7 Qe4 32. Qc5 Bd3 33. Ra1 g5 34. g3 Qf3
35. Kh2 Qf2+ 0-1

[Event "game?"]
[Site "http://www.queenalice.com/game.php?id=7371"]
[Date "2005.3.20"]
[Round "-"]
[White "MidnightDuffer"]
[Black "ifrozeup"]
[Result "0-1"]
[WhiteElo "1169"]
[BlackElo "1543"]

1. d4 d5 2. c4 e6 3. Nc3 Nc6 4. Nf3 dxc4 5. e4 Nf6 6. Bxc4 Bb4 7. O-O a6 8. e5
Nd5 9. Bd2 O-O 10. Ne4 b5 11. Bxb4 Ndxb4 12. Bb3 Na5 13. Nfd2 Nxb3 14. Nxb3 Bb7
15. Nec5 Bd5 16. Re1 Qg5 17. Ne4 Qg6 18. f3 f5 19. Nc3 f4 20. Nxd5 Nxd5 21. Nc5
Ne3 22. Rxe3 fxe3 23. Qe2 Qh6 24. Rc1 Rad8 25. Rd1 Rf4 26. Nb3 c5 27. dxc5 Rxd1+
28. Qxd1 Rf8 29. c6 Qh4 30. Qe2 Qf4 0-1

[Event "Let's Play Chess!"]
[Site "http://www.queenalice.com/game.php?id=7401"]
[Date "2005.3.21"]
[Round "-"]
[White "angusws"]
[Black "MidnightDuffer"]
[Result "1-0"]
[WhiteElo "1405"]
[BlackElo "1179"]

1. e4 c6 2. d4 d5 3. Nc3 dxe4 4. Nxe4 Bf5 5. Bd3 Qxd4 6. Qe2 Bxe4 7. Bxe4 Nf6 8.
f3 Nxe4 9. Qxe4 Qxe4+ 10. fxe4 e5 11. Nf3 Nd7 12. Bd2 f6 13. O-O-O O-O-O 14. g4
Nc5 15. Be3 1-0

[Event "Challenge"]
[Site "http://www.queenalice.com/game.php?id=8034"]
[Date "2005.3.28"]
[Round "-"]
[White "Ninja"]
[Black "MidnightDuffer"]
[Result "0-1"]
[WhiteElo "1457"]
[BlackElo "1092"]

1. e4 e6 2. d4 d5 3. e5 c5 4. c3 Nc6 5. Bb5 Qb6 6. Ba4 cxd4 7. Bxc6+ bxc6 8.
cxd4 f6 9. Nf3 Ba6 10. a3 f5 11. Ng5 c5 12. Nf3 Be7 13. Nc3 cxd4 14. Na4 Qc7 15.
Nxd4 Qxe5+ 16. Ne2 Qxe2+ 17. Qxe2 Bxe2 18. Kxe2 Rc8 19. Be3 Rc4 20. b3 Rc7 21.
b4 Nf6 22. f3 Nd7 23. Bd4 e5 24. Bb2 d4 25. Rac1 Rb7 26. Rc8+ Bd8 27. Nc5 Rc7
28. Rxc7 Bxc7 29. Ne6 Bb6 30. Nxg7+ Kf7 31. Nxf5 Kf6 32. g4 Rc8 33. Kd3 Kg5 34.
Rc1 Rf8 35. Ke4 Rh8 36. Nd6 Kh4 37. Nc4 Bc7 38. Na5 Bb6 39. a4 Rf8 40. Nc6 Rf4+
41. Kd5 Rxf3 42. Nxe5 Nxe5 43. Kxe5 d3 44. Bc3 Kxg4 45. a5 Bc7+ 46. Ke4 Bxh2 47.
Rd1 h5 48. Rxd3 Rxd3 49. Kxd3 h4 50. Ke2 Bg3 51. Kf1 h3 52. Kg1 Bc7 53. Bd4 a6
54. b5 axb5 55. a6 Bb8 56. Be5 Ba7+ 57. Kf1 b4 58. Bf6 b3 59. Be5 Kf3 60. Ke1 b2
61. Bxb2 h2 0-1

[Event "Challenge"]
[Site "http://www.queenalice.com/game.php?id=8236"]
[Date "2005.3.30"]
[Round "-"]
[White "pedrinhoIII"]
[Black "MidnightDuffer"]
[Result "0-1"]
[WhiteElo "1643"]
[BlackElo "1161"]

1. e4 e6 2. Qh5 Nf6 3. Qe5 c5 4. d4 Nc6 5. Qf4 d5 6. e5 Nd7 7. Nh3 h6 8. Qf3
Nxd4 9. Qc3 Nxe5 10. Be3 Qb6 11. Bd3 Bd7 12. O-O Nxd3 13. cxd3 Ne2+ 14. Kh1 Nxc3
15. bxc3 d4 16. cxd4 cxd4 17. Bf4 Qb2 18. Nd2 b6 19. Nc4 Qc3 20. Rfd1 Bb5 21.
Rac1 Qb4 22. a3 Qe7 23. Ne5 Qh4 24. Bg3 Qf6 25. Rc7 Be7 26. Rcc1 O-O 27. Rf1 Bd6
28. f4 Bxe5 29. fxe5 Qe7 30. Rf4 Qxa3 31. Rb1 Qxd3 32. Rf3 Qxb1+ 33. Ng1 Rac8
34. h4 Rc1 35. Bh2 d3 36. Rf4 d2 37. Rd4 d1=Q 0-1